• 首页
  • 本馆介绍
  • 公告通知
  • 最新文献
  • 馆藏检索
  • 电子资源
  • 读者导购
  • 参考咨询
  • 我的图书馆
  • 登录
  • 详细信息显示
  • 放入我的书架
  • 预约/预借图书
  • 作者相关作品
  • 分类相关作品
  • 丛书相关作品
  • 出版社相关作品

书目信息

  • 表格格式
  • 工作单格式
  • 卡片格式
题名:
中国古代琴歌精华校译
    
 
作者: 薄克礼 , 张子盛 主编
分册:  
出版信息: 北京   对外经济贸易大学出版社  2015
页数: 190页
开本: 29cm
丛书名:
单 册:
中图分类: J642.7
科图分类:
主题词: 歌曲--Ge Qu--作品集--中国--古代
电子资源:
ISBN: 978-7-5663-1416-1
000 00951nam0 22002651 450
001 349850
005 20161010151409.76
010    @a978-7-5663-1416-1@dCNY45.00
100    @a20160405d2015 em y0chiy50 ea
101 0  @achi
102    @aCN@b110000
105    @ag z 000yy
106    @ar
200 1  @a中国古代琴歌精华校译@AZhong Guo Gu Dai Qin Ge Jing Hua Jiao Yi@f薄克礼,张子盛编译
205    @a2版
210    @a北京@c对外经济贸易大学出版社@d2015
215    @a190页@d29cm@e附光盘1片
307    @a附光盘:ISBN 978-7-88761-088-1
330    @a本书共校译《文王操》、《水调歌头》等古代精华琴歌108首,其中,含《蔡氏五弄》个别套曲。内容包括:题解(注明琴歌来源及典故)、五线谱、简谱、歌词对照、注释和原减字谱。
606 0  @a歌曲@AGe Qu@x作品集@y中国@z古代
690    @aJ642.7@v5
701  0 @a薄克礼@ABao Ke Li@f(1966~)@4主编
701  0 @a张子盛@AZhang Zi Sheng@4主编
801  0 @aCN@bTANGWEI@20160802
905    @b0887075-9@dJ642.7@e257=2@f5
    
    中国古代琴歌精华校译/薄克礼,张子盛编译 .-2版.-北京:对外经济贸易大学出版社,2015
    190页;29cm+附光盘1片
    
    
    ISBN 978-7-5663-1416-1:CNY45.00
    本书共校译《文王操》、《水调歌头》等古代精华琴歌108首,其中,含《蔡氏五弄》个别套曲。内容包括:题解(注明琴歌来源及典故)、五线谱、简谱、歌词对照、注释和原减字谱。
●
相关链接 在E读中查询图书 在五车中查询图书 在当当中查询图书 在豆瓣中查询图书


正题名:中国古代琴歌精华校译     索取号:J642.7/257=2         预约/预借

序号 登录号 条形码 馆藏地/架位号 状态 备注
1 0887075   208870756   第一样本阅览室/ [索取号:J642.7/257=2] 在馆    
2 0887076   208870765   第一借阅区/ [索取号:J642.7/257=2] 在馆    
3 0887077   208870774   第一借阅区/ [索取号:J642.7/257=2] 在馆    
4 0887078   208870783   第一借阅区/ [索取号:J642.7/257=2] 在馆    
5 0887079   208870792   第一借阅区/ [索取号:J642.7/257=2] 在馆    
唐山师范学院图书馆 欢迎您!
大连网信软件有限公司© 版权所有